00000000cam 2200000zi 4500
0019.961884
003CaOODSP
00520260603141828
006m     o  d f      
007cr cn ||||||||
008260413t20262026onca    o    f000 0 eng d
020 |a9780660995311
040 |aCaOODSP|beng|erda|cCaOODSP
043 |an-cn---
0861 |aBT22-296/2026E-PDF
24500|aQuality of life framework for Canada.
264 1|aOttawa, Ontario : |bTreasury Board of Canada Secretariat = Secrétariat du Conseil du trésor du Canada, |c2026.
264 4|c©2026
300 |a1 online resource (6 pages) : |billustration
336 |atext|btxt|2rdacontent
337 |acomputer|bc|2rdamedia
338 |aonline resource|bcr|2rdacarrier
500 |aIssued also in French under title: Cadre de qualité de vie pour le Canada.
500 |a"Published: 2025-12-22."
650 0|aQuality of life|xGovernment policy|zCanada.
7101 |aCanada. |bTreasury Board, |eissuing body.
77508|tCadre de qualité de vie pour le Canada.|w(CaOODSP)9.961883
85640|qPDF|s924 KB|uhttps://publications.gc.ca/collections/collection_2026/sct-tbs/BT22-296-2026-eng.pdf
8564 |qHTML|sN/A|uhttps://www.canada.ca/en/government/system/government-wide-reporting-spending-operations/government-spending/quality-life-framework-canada.html